Derecho procesal civil comercial y laboral

Gespeichert in:
Bibliographische Detailangaben
1. Verfasser: Podetti, J. Ramiro (VerfasserIn)
Format: Buch
Sprache:Spanisch
Veröffentlicht: Buenos Aires EDIAR 1949
Schlagworte:
Tags: Tag hinzufügen
Keine Tags, Fügen Sie den ersten Tag hinzu!

MARC

LEADER 00000nam a2200000 a 4500
001 UCQ5851
003 CL-VaPUC
008 981009e19490000AG |||||||||||||||||spa|d
082 0 4 |a 347.05  |b POD  |2 21 
100 0 |a Podetti, J. Ramiro  |e author  |9 419859 
245 1 0 |a Derecho procesal civil comercial y laboral 
300 |a v 
942 |c BK 
945 |d 19981009 00:00:00  |a aarredon 
260 |a Buenos Aires  |b EDIAR  |c 1949 
500 |a v.1: Tratado del proceso laboral; v.2: Tratado del proceso laboral 
650 0 |a Derecho procesal civil  |9 258071 
650 0 |a Procedimiento penal  |9 254974 
650 0 |a Proceso laboral  |9 392948 
650 7 |a DERECHO LABORAL  |2 CL-VaPUC  |9 15 
650 0 |a Conflictos laborales  |9 256688 
650 0 |a Derecho comercial   |9 256340 
650 7 |a SENTENCIA  |2 CL-VaPUC  |9 381937 
583 |a last modification  |c 20170720 04:55:21  |k Rodrigo Vera 
999 |c 275970  |d 275968 
952 |0 0  |1 0  |4 0  |6 347_050000000000000_POD_1949  |7 0  |8 A  |9 313026  |a BIBDER  |b BIBDER  |d 2019-11-20  |h v.1  |i 3468313  |o 347.05 POD 1949  |p 3468313  |r 2023-01-25  |w 2019-11-20  |y BK  |k DER 
952 |0 0  |1 0  |4 0  |6 347_050000000000000_POD_1949  |7 0  |8 A  |9 313027  |a BIBDER  |b BIBDER  |d 2019-11-20  |h v.2  |i 3468321  |o 347.05 POD 1949  |p 3468321  |r 2023-01-25  |w 2019-11-20  |y BK  |k DER